| 000 | 00335 a2200145 4500 | ||
|---|---|---|---|
| 020 | _a9695190480 | ||
| 082 | _a901 | ||
| 090 |
_c6023 _d6023 |
||
| 100 | _aGuenon,Rene. | ||
| 245 |
_aEast and West. _cRene Guenon. |
||
| 260 |
_aLahore. _bSuhail Academy. _c2002. |
||
| 300 | _a170p. | ||
| 500 | _aHardcover. | ||
| 942 |
_aNBS _cBK _k901 GUE |
||
| 999 |
_c348412 _d348412 |
||